Bang / (Record no. 524711)

000 -LEADER
fixed length control field 00372nam a22001577a 4500
003 - CONTROL NUMBER IDENTIFIER
control field NUST
038 ## - RECORD CONTENT LICENSOR
Staff Name waseem
082 ## - DEWEY DECIMAL CLASSIFICATION NUMBER
Classification number 891.421
Author Mark GOR
100 ## - MAIN ENTRY--PERSONAL NAME
Personal name Gormati, Saleem Sabir
9 (RLIN) 15504
245 ## - TITLE STATEMENT
Title Bang /
300 ## - PHYSICAL DESCRIPTION
Extent 122 p. ;
500 ## - GENERAL NOTE
General note Hardcover.
880 ## - ALTERNATE GRAPHIC REPRESENTATION
Linkage 100-01\r
Title سلیم صابر گورماٹی
880 ## - ALTERNATE GRAPHIC REPRESENTATION
Linkage 245-02\r
Title بانگ /
942 ## - ADDED ENTRY ELEMENTS (KOHA)
Source of classification or shelving scheme
Koha item type Book
Holdings
Withdrawn status Lost status Source of classification or shelving scheme Damaged status Not for loan Permanent Location Current Location Date acquired Total Checkouts Full call number Barcode Date last seen Price effective from Koha item type
          Central Library (CL) Central Library (CL) 06/25/2019   891.421 GOR CL-E-228 06/25/2019 06/25/2019 Book
© 2023 Central Library, National University of Sciences and Technology. All Rights Reserved.